Computer-aided design and drafting: CADD (Record no. 79645)
[ view plain ]
| 000 -LEADER | |
|---|---|
| fixed length control field | 00887nam a2200229 a 4500 |
| 008 - FIXED-LENGTH DATA ELEMENTS--GENERAL INFORMATION | |
| fixed length control field | 120416s1987 ||||||||||||||||| || u |
| 020 ## - INTERNATIONAL STANDARD BOOK NUMBER | |
| International Standard Book Number | 0675204755 |
| 050 ## - LIBRARY OF CONGRESS CALL NUMBER | |
| Classification number | T 385 Lam |
| 100 ## - MAIN ENTRY--PERSONAL NAME | |
| Personal name | Paige, Vernon, 1937- |
| 245 10 - TITLE STATEMENT | |
| Title | Computer-aided design and drafting: CADD |
| 260 ## - PUBLICATION, DISTRIBUTION, ETC. | |
| Place of publication, distribution, etc. | Columbus: |
| Name of publisher, distributor, etc. | Merril Publishing |
| Date of publication, distribution, etc. | 1987 |
| 300 ## - PHYSICAL DESCRIPTION | |
| Extent | xxxii, 572p.: ill. |
| 350 ## - | |
| -- | 0.00 |
| 500 ## - GENERAL NOTE | |
| General note | Includes index. |
| 650 #0 - SUBJECT ADDED ENTRY--TOPICAL TERM | |
| Topical term or geographic name entry element | COMPUTER GRAPHICS |
| 650 ## - SUBJECT ADDED ENTRY--TOPICAL TERM | |
| Topical term or geographic name entry element | COMPUTER-AIDED DESIGN |
| 700 ## - ADDED ENTRY--PERSONAL NAME | |
| Personal name | Waldron, Brad |
| 700 ## - ADDED ENTRY--PERSONAL NAME | |
| Personal name | Shull, John |
| 700 ## - ADDED ENTRY--PERSONAL NAME | |
| Personal name | Lamit, Louis Gary, 1949- |
| 995 ## - | |
| -- | MAIN LIBRARY OPEN ACCESS |
| -- | 0.00 |
| -- | 723543 |
| -- | CBU-MAIN LIBRARY (Kitwe) |
| -- | 1 |
| -- | 38.00 |
| -- | T 385 Lam |
| -- | 1 |
| -- | AVAILABLE |
| -- | 013746 |
| -- | Main Library Open Access Collection |
| 995 ## - | |
| -- | MAIN LIBRARY OPEN ACCESS |
| -- | 0.00 |
| -- | 723544 |
| -- | CBU-MAIN LIBRARY (Kitwe) |
| -- | 2 |
| -- | 38.00 |
| -- | T 385 Lam |
| -- | 2 |
| -- | AVAILABLE |
| -- | 013747 |
| -- | Main Library Open Access Collection |
| 999 ## - | |
| -- | 79645 |
| -- | 79645 |
| Withdrawn status | Lost status | Source of classification or shelving scheme | Damaged status | Not for loan | Permanent Location | Current Location | Shelving location | Date acquired | Total Checkouts | Full call number | Barcode | Date last seen | Copy number | Price effective from | Koha item type |
|---|---|---|---|---|---|---|---|---|---|---|---|---|---|---|---|
| CBU-MAIN LIBRARY, KITWE. | CBU-MAIN LIBRARY, KITWE. | 06/29/2023 | T 385 Lam | 013746 | 06/29/2023 | 1 | 06/29/2023 | MONOGRAPH | |||||||
| CBU-MAIN LIBRARY, KITWE. | CBU-MAIN LIBRARY, KITWE. | 06/29/2023 | T 385 Lam | 013747 | 06/29/2023 | 2 | 06/29/2023 | MONOGRAPH |